Quantum Triangulations (Запис № 447263)

МАРК-запис
000 -LEADER
fixed length control field 06048nam a22006735i 4500
001 - CONTROL NUMBER
control field 978-3-319-67937-2
003 - CONTROL NUMBER IDENTIFIER
control field DE-He213
005 - DATE AND TIME OF LATEST TRANSACTION
control field 20210118130119.0
007 - PHYSICAL DESCRIPTION FIXED FIELD--GENERAL INFORMATION
fixed length control field cr nn 008mamaa
008 - FIXED-LENGTH DATA ELEMENTS--GENERAL INFORMATION
fixed length control field 171127s2017 gw | s |||| 0|eng d
020 ## - INTERNATIONAL STANDARD BOOK NUMBER
International Standard Book Number 9783319679372
-- 978-3-319-67937-2
024 7# - OTHER STANDARD IDENTIFIER
Standard number or code 10.1007/978-3-319-67937-2
Source of number or code doi
050 #4 - LIBRARY OF CONGRESS CALL NUMBER
Classification number QC173.96-174.52
072 #7 - SUBJECT CATEGORY CODE
Subject category code PHQ
Source bicssc
072 #7 - SUBJECT CATEGORY CODE
Subject category code SCI057000
Source bisacsh
072 #7 - SUBJECT CATEGORY CODE
Subject category code PHQ
Source thema
082 04 - DEWEY DECIMAL CLASSIFICATION NUMBER
Classification number 530.12
Edition number 23
100 1# - MAIN ENTRY--PERSONAL NAME
Personal name Carfora, Mauro.
Relator term author.
Relator code aut
-- http://id.loc.gov/vocabulary/relators/aut
245 10 - TITLE STATEMENT
Title Quantum Triangulations
Medium [electronic resource] :
Remainder of title Moduli Space, Quantum Computing, Non-Linear Sigma Models and Ricci Flow /
Statement of responsibility, etc by Mauro Carfora, Annalisa Marzuoli.
250 ## - EDITION STATEMENT
Edition statement 2nd ed. 2017.
264 #1 -
-- Cham :
-- Springer International Publishing :
-- Imprint: Springer,
-- 2017.
300 ## - PHYSICAL DESCRIPTION
Extent XX, 392 p. 113 illus., 92 illus. in color.
Other physical details online resource.
336 ## -
-- text
-- txt
-- rdacontent
337 ## -
-- computer
-- c
-- rdamedia
338 ## -
-- online resource
-- cr
-- rdacarrier
347 ## -
-- text file
-- PDF
-- rda
490 1# - SERIES STATEMENT
Series statement Lecture Notes in Physics,
Міжнародний стандартний серійний номер для назви серії (ISSN) 0075-8450 ;
Том/ позначення послідовності 942
505 0# - FORMATTED CONTENTS NOTE
Formatted contents note Preface -- Acknowledgements -- Triangulated Surfaces and Polyhedral Structures -- Singular Euclidean Structures and Riemann Surfaces -- Polyhedral Surfaces and the Weil-Petersson Form -- The Quantum Geometry of Polyhedral Surfaces: Non–Linear σ Model and Ricci Flow -- The Quantum Geometry of Polyhedral Surfaces: Variations on Strings and All That -- State Sum Models and Observables -- State Sum Models and Observables -- Combinatorial Framework for Topological Quantum Computing -- Appendix A: Riemannian Geometry -- Appendix B: A Capsule of Moduli Space Theory -- Appendix C: Spectral Theory on Polyhedral Surfaces -- Index.
520 ## - SUMMARY, ETC.
Summary, etc This book discusses key conceptual aspects and explores the connection between triangulated manifolds and quantum physics, using a set of case studies ranging from moduli space theory to quantum computing to provide an accessible introduction to this topic. Research on polyhedral manifolds often reveals unexpected connections between very distinct aspects of mathematics and physics. In particular, triangulated manifolds play an important role in settings such as Riemann moduli space theory, strings and quantum gravity, topological quantum field theory, condensed matter physics, critical phenomena and complex systems. Not only do they provide a natural discrete analogue to the smooth manifolds on which physical theories are typically formulated, but their appearance is also often a consequence of an underlying structure that naturally calls into play non-trivial aspects of representation theory, complex analysis and topology in a way that makes the basic geometric structures of the physical interactions involved clear. This second edition further emphasizes the essential role that triangulations play in modern mathematical physics, with a new and highly detailed chapter on the geometry of the dilatonic non-linear sigma model and its subtle and many-faceted connection with Ricci flow theory. This connection is treated in depth, pinpointing both the mathematical and physical aspects of the perturbative embedding of the Ricci flow in the renormalization group flow of non-linear sigma models. The geometry of the dilaton field is discussed from a novel standpoint by using polyhedral manifolds and Riemannian metric measure spaces, emphasizing their role in connecting non-linear sigma models’ effective action to Perelman’s energy-functional. No other published account of this matter is so detailed and informative. This new edition also features an expanded appendix on Riemannian geometry, and a rich set of new illustrations to help the reader grasp the more difficult points of the theory. The book offers a valuable guide for all mathematicians and theoretical physicists working in the field of quantum geometry and its  applications.
506 ## - RESTRICTIONS ON ACCESS NOTE
Terms governing access Available to subscribing member institutions only. Доступно лише організаціям членам підписки.
506 ## - RESTRICTIONS ON ACCESS NOTE
Standardized terminology for access restriction Online access from local network of NaUOA.
506 ## - RESTRICTIONS ON ACCESS NOTE
Standardized terminology for access restriction Online access with authorization at https://link.springer.com/
506 ## - RESTRICTIONS ON ACCESS NOTE
Standardized terminology for access restriction Онлайн-доступ з локальної мережі НаУОА.
506 ## - RESTRICTIONS ON ACCESS NOTE
Standardized terminology for access restriction Онлайн доступ з авторизацією на https://link.springer.com/
650 #0 - SUBJECT ADDED ENTRY--TOPICAL TERM
Topical term or geographic name as entry element Quantum physics.
650 #0 - SUBJECT ADDED ENTRY--TOPICAL TERM
Topical term or geographic name as entry element Mathematical physics.
650 #0 - SUBJECT ADDED ENTRY--TOPICAL TERM
Topical term or geographic name as entry element Manifolds (Mathematics).
650 #0 - SUBJECT ADDED ENTRY--TOPICAL TERM
Topical term or geographic name as entry element Complex manifolds.
650 #0 - SUBJECT ADDED ENTRY--TOPICAL TERM
Topical term or geographic name as entry element Gravitation.
650 #0 - SUBJECT ADDED ENTRY--TOPICAL TERM
Topical term or geographic name as entry element Physics.
650 14 - SUBJECT ADDED ENTRY--TOPICAL TERM
Topical term or geographic name as entry element Quantum Physics.
-- http://scigraph.springernature.com/things/product-market-codes/P19080
650 24 - SUBJECT ADDED ENTRY--TOPICAL TERM
Topical term or geographic name as entry element Mathematical Physics.
-- http://scigraph.springernature.com/things/product-market-codes/M35000
650 24 - SUBJECT ADDED ENTRY--TOPICAL TERM
Topical term or geographic name as entry element Manifolds and Cell Complexes (incl. Diff.Topology).
-- http://scigraph.springernature.com/things/product-market-codes/M28027
650 24 - SUBJECT ADDED ENTRY--TOPICAL TERM
Topical term or geographic name as entry element Classical and Quantum Gravitation, Relativity Theory.
-- http://scigraph.springernature.com/things/product-market-codes/P19070
650 24 - SUBJECT ADDED ENTRY--TOPICAL TERM
Topical term or geographic name as entry element Mathematical Applications in the Physical Sciences.
-- http://scigraph.springernature.com/things/product-market-codes/M13120
650 24 - SUBJECT ADDED ENTRY--TOPICAL TERM
Topical term or geographic name as entry element Numerical and Computational Physics, Simulation.
-- http://scigraph.springernature.com/things/product-market-codes/P19021
700 1# - ADDED ENTRY--PERSONAL NAME
Personal name Marzuoli, Annalisa.
Relator term author.
Relator code aut
-- http://id.loc.gov/vocabulary/relators/aut
710 2# - ADDED ENTRY--CORPORATE NAME
Corporate name or jurisdiction name as entry element SpringerLink (Online service)
773 0# - HOST ITEM ENTRY
Title Springer eBooks
776 08 - ADDITIONAL PHYSICAL FORM ENTRY
Display text Printed edition:
International Standard Book Number 9783319679365
776 08 - ADDITIONAL PHYSICAL FORM ENTRY
Display text Printed edition:
International Standard Book Number 9783319679389
830 #0 - SERIES ADDED ENTRY--UNIFORM TITLE
Uniform title Lecture Notes in Physics,
-- 0075-8450 ;
Volume number/sequential designation 942
856 40 - ELECTRONIC LOCATION AND ACCESS
Uniform Resource Identifier <a href="https://doi.org/10.1007/978-3-319-67937-2">https://doi.org/10.1007/978-3-319-67937-2</a>
912 ## -
-- ZDB-2-PHA
912 ## -
-- ZDB-2-LNP
942 ## - ADDED ENTRY ELEMENTS (KOHA)
Koha item type ЕКнига

Немає доступних примірників.